Stacje Metra w Warszawie - Statystyki

Ogólne statystyki
  • Ten quiz został rozwiązany 1 768 razy
    916 od ostatniego zresetowania
  • Średni wynik to 24 z 34
Statystyki odpowiedzi
Odpowiedź % Poprawnych
Centrum
93%
Kabaty
90%
Młociny
89%
Świętokrzyska
89%
Świętokrzyska
89%
Politechnika
80%
Ratusz Arsenał
80%
Dworzec Gdański
79%
Pole Mokotowskie
77%
Stadion Narodowy
76%
Ursynów
76%
Plac Wilsona
74%
Centrum Nauki Kopernik
73%
Rondo ONZ
73%
Stare Bielany
72%
Wawrzyszew
71%
Wilanowska
71%
Imielin
70%
Natolin
70%
Marymont
68%
Nowy Świat-Uniwersytet
68%
Racławicka
66%
Wierzbno
66%
Rondo Daszyńskiego
65%
Słodowiec
65%
Stokłosy
65%
Służew
64%
Dworzec Wileński
63%
Targówek Mieszkaniowy
60%
Księcia Janusza
58%
Trocka
53%
Płocka
48%
Szwedzka
45%
Młynów
41%
Nie znaleziono quizów pasujących do podanych kryteriów
Rozkład punktacji
Procent ludzi z każdym wynikiem
Percentyl według liczby udzielonych odpowiedzi
Twoja historia wyników
Nie rozwiązałeś tego quizu od ostatniego zresetowania